| 000 | 00912nam a22002057a 4500 | ||
|---|---|---|---|
| 999 |
_c7553 _d7553 |
||
| 003 | AR-CdUCM | ||
| 008 | 190320b ||||| |||| 00| 0 spa d | ||
| 040 |
_aMUNICIPALIDAD PROVINCIAL DEL CUSCO _cBIBLIOTECA MUNICIPAL DEL CUSCO |
||
| 082 |
_a572.7 / _bM86 |
||
| 100 |
_aH. Morgan , Lewis _921327 |
||
| 245 |
_aLa Sociedad Primitiva : _bInvestigaciones del Progreso Humano desde el salvajismo hasta la civilizacion al travez de la barbarie / _cPrf. Alfredo L. Palacios |
||
| 260 |
_aPeru : _bEdiciones Pavlov , _c1977. |
||
| 300 |
_a542 páginas ; _c19 cm. |
||
| 505 | _aContenido : 1.- La Familia Primitiva -- 2.- La Familia Coosanguinea -- 3.- La Familia Punalua 4.- Las Familias Sindiasmica y Patriarcal -- La Familia Monogama... | ||
| 650 |
_aFilosofia del hombre primitivo _921328 |
||
| 650 |
_aAntropologia de masas _96888 |
||
| 650 |
_aSociedades Primitivas _97719 |
||
| 942 |
_2ddc _cLIBROS |
||
| 945 | _araen | ||